000 00551na a2200193 4500
001 21662
003 MIRAKIL
005 20181213155009.0
008 170206b tu 000 0
040 _aMilas
_btur
_cTR-AnCHP
041 _atur
082 _a351.7223
_bM36i 2003
090 _a351.7223 M36 2003
245 _a2003 yılı genel ve katma bütçe kanun tasarıları ve ekli cetveller
260 _aAnkara
_b[yayl. y.]
_c2003
300 _a271 s.
_btbl.
_c20 sm.
610 _aMerkezi yönetim
_xBütçe tasarısı
_y2003
942 _2ddc
_cBKS
999 _c4536
_d4536